000 01199nam a2200325 i 4500
003 EG-GICUC
005 20260209113248.0
008 260111s1979 ua ||||f |||| 00| 0 ara d
040 _a EG-GICUC
_bara
_c EG-GICUC
_d EG-GICUC
_erda
041 _aara
082 0 4 _221
_a345.451
_bع م . س
092 0 4 _221
099 _aLaw1 07 345.451 ع م . س 1979
100 0 _aعمرو فؤاد أحمد بركات
_eمؤلف.
245 1 2 _aالسلطة التأديبية :
_bدراسة مقارنة /
_cدكتور عمرو فؤاد أحمد بركات .
264 1 _aالقاهرة :
_bمكتبة النهضة المصرية ،
_c1979 .
300 _a316 ؛ صفحة
_c24 سم
336 _2rda content
_atext
337 _2rda media
_aComputer
338 _2rda carrier
_aOnline Resource
500 _aالثمن 400 قرش
504 _a. 316-389 ببليوجرافيا: صفحات.
504 _aيشتمل على إرجاعات ببليوجرافية
650 1 4 _aالسلطات التاديبية
_2qrmak
650 1 4 _aالقانون الإداري
651 1 _2qrmak
856 4 0 _uhttps://fll.law.cu.edu.eg/fulltext/bks/B07-03196.pdf
905 _a61
_eYara
942 _2ddc
_cBK
_e21
_n0
999 _c56233
_d56233